000 00841nam a2200313Ia 4500
001 5098
005 20240113233816.0
007 ta
008 050617s1989 g b000 u eng u
020 _a81-7035-054-9
040 _aCotton College,Assam
041 _aeng
082 _a591.5
_bSa 51 Ma
100 _aSanthanam, R..
245 0 _aA Manual of Freshwater Ecology /
_cR. Santhanam, P. Velayutham, G. Jegatheesan.
_hTextual Documents
250 _a1st ed. /
260 _aDelhi :
_bDaya Publishing ,
_c1989.
300 _a134p. ;
_c22cm.
504 _aIndex
653 _aZoology-Freshwater ecology
653 _aFreshwater ecology
653 _aPG-Zoology
700 _aVelayutham, P. .
700 _aJegatheesan, G. .
942 _2ddc
_cBK
999 _c5085
_d5085